000
00337nam a2200157Ia 4500
005
20250425160939.0
008
250425s9999 xx 000 0 und d
041
_a
spa
082
_a
621.385
245
0
_a
CURSO DE TELEFONIA
250
_a
S.E.
260
_a
S.L.
260
_a
Sin Pais
_b
S.E.
_c
1960
942
_c
01
010
_a
9011
999
_c
199412
_d
199412